<?xml version="1.0" encoding="UTF-8"?>
<collection xmlns="http://www.loc.gov/MARC21/slim">
    <record>
        <controlfield tag="001">30534</controlfield>
        <controlfield tag="005">20150902135421.0</controlfield>
        <datafield tag="037" ind1=" " ind2=" ">
            <subfield code="a">NORMAS-2014-116</subfield>
        </datafield>
        <datafield tag="245" ind1=" " ind2=" ">
            <subfield code="a">Asignación de calificaciones numéricas en los procesos de convalidación de asignaturas, de reconocimiento de créditos y de adaptación a grados.</subfield>
        </datafield>
        <datafield tag="260" ind1=" " ind2=" ">
            <subfield code="a">Zaragoza</subfield>
            <subfield code="b">Consejo de Gobierno de la Universidad de Zaragoza</subfield>
            <subfield code="c">2014-06-27</subfield>
        </datafield>
        <datafield tag="650" ind1=" " ind2=" ">
            <subfield code="a">Estudiantes </subfield>
        </datafield>
        <datafield tag="650" ind1=" " ind2=" ">
            <subfield code="a">Calificaciones</subfield>
        </datafield>
        <datafield tag="650" ind1=" " ind2=" ">
            <subfield code="a">Créditos</subfield>
        </datafield>
        <datafield tag="650" ind1=" " ind2=" ">
            <subfield code="a">Asignaturas </subfield>
        </datafield>
        <datafield tag="653" ind1="1" ind2=" ">
            <subfield code="a">Estudiantes</subfield>
        </datafield>
        <datafield tag="653" ind1="1" ind2=" ">
            <subfield code="a">Evaluación y permanencia</subfield>
        </datafield>
        <datafield tag="700" ind1=" " ind2=" ">
            <subfield code="a">Consejo de Gobierno de la Universidad de Zaragoza</subfield>
        </datafield>
        <datafield tag="856" ind1="0" ind2=" ">
            <subfield code="f">secregen@unizar.es</subfield>
        </datafield>
        <datafield tag="856" ind1="4" ind2=" ">
            <subfield code="s">140020</subfield>
            <subfield code="u">http://zaguan.unizar.es/record/30534/files/norma_estudiantesNotasMedias_2014_original.pdf</subfield>
            <subfield code="y">Normativa</subfield>
            <subfield code="z">1</subfield>
        </datafield>
        <datafield tag="920" ind1=" " ind2=" ">
            <subfield code="a">BOUZ 8-14  03/07/2014</subfield>
        </datafield>
        <datafield tag="980" ind1=" " ind2=" ">
            <subfield code="a">NORMAS</subfield>
        </datafield>
    </record>

    
</collection>